| 000 | 00413nam a2200157Ia 4500 | ||
|---|---|---|---|
| 003 | OSt | ||
| 005 | 20230529142917.0 | ||
| 008 | 211028s2015 xx 000 0 und d | ||
| 040 | _cAIMIT LIBRARY | ||
| 041 | _aeng | ||
| 100 |
_aD'Souza, Jewel Mural; Lasrado, Suman. _98574 _e131910 |
||
| 110 |
_aSuman Lasrado _98575 |
||
| 245 | _aVidermio: online medical shop. | ||
| 260 |
_aMangalore _c2015 |
||
| 942 |
_2ddc _cPRO |
||
| 999 |
_c219956 _d219956 |
||